00364 2200145 4500001002100000005001500021035002000036245007700056100002400133300000800157260001900165082000800184084001400192990001200206INLIS00000000000220120250527012710 a0010-05250004931 aPendidikan ISlam dalam Sistem Pendidikan Nasional /cHaidar Putra Daulay0 aHaidar Putra Daulay a231 bKencana,c2007 a297 a297 HAI p a0712590